000 00637nam a2200217Ia 4500
001 12681
003 GE_BSU
008 181216s||||||||xx |||||||||||||| ||und||
040 _cGE_BSU
080 _a633.72(479.22)
100 _aКварацхелия,Т.К.
245 _aЧайный куст и сопутствующие ему культуры
245 _cРед.С.Разыграев
260 _aМ-Л
260 _bГосиздат
260 _c1934
300 _a271стр.23см.
541 _h35თეთრი
653 _aЧайный куст и сопутствующие ему культуры
942 _cBK
999 _c45852
_d45852